[Event "White Rook U14 Final 2019"]
[Site "Sochi"]
[Date "2019.06.06"]
[Round "5.1"]
[White "Tugstumur, Yesuntumur"]
[Black "Kuzmin, Roman"]
[Result "1-0"]
[WhiteElo "2356"]
[BlackElo "2119"]
[Annotator "TA"]
[PlyCount "93"]
[EventDate "2019.06.02"]
[EventCountry "RUS"]
[SourceTitle "playchess.com"]
[Source "ChessBase"]
[SourceQuality "1"]

{[%evp 15,93,6,22,22,25,30,32,0,-8,-2,8,2,20,15,24,20,23,8,16,6,11,10,14,0,0,0,23,0,52,53,62,57,61,61,117,105,93,104,102,81,95,60,104,34,93,14,77,23,121,137,127,0,0,0,0,0,0,-24,-3,-8,0,0,0,0,9,10,24,8,10,-8,-2,-50,128,13,561,561,1820,1800,29985,29986]} 1. d4 Nf6 2. c4 g6 3. Nc3 d5 4. Nf3 Bg7 5. e3 O-O 6. Be2 e6 7. O-O b6 8. b3 Bb7 9. Ba3 {D94: Grünfeld: 4 Nf3 Bg7 5 e3} (9. Bb2 Nbd7 10. cxd5 exd5 11. a4 a5 12. Ba3 Re8 13. Nb5 Ne4 14. Nd2 Ndf6 15. Nxe4 Nxe4 16. Bd3 Re6 {0-1 (33) Caruana,F (2795)-Vachier Lagrave,M (2788) chess.com INT 2016}) 9... Re8 10. Qc2 Nbd7 11. cxd5 {White is slightly better.} exd5 12. Rac1 c6 13. Bd6 h6 $146 ({Predecessor:} 13... Rc8 14. b4 Nf8 15. Be5 Qe7 16. Qa4 a6 {0-1 (38) Johnen,F (1707)-Eric,J (2237) Sarajevo 2017}) 14. h3 Nf8 15. Bh2 N6d7 16. Bd3 Ne6 17. Qd2 Rc8 18. Rfd1 Qe7 19. Bb1 Qa3 20. e4 {Black should prevent exd5.} a6 21. e5 Red8 (21... Qa5 $11) 22. Ne2 $14 c5 23. Bf4 h5 24. Bh6 cxd4 (24... Qb4 $14) 25. Rxc8 Rxc8 26. Bxg7 Kxg7 27. Nexd4 Ndf8 28. Kh2 Qc5 29. Qe3 (29. Bf5 $16) 29... b5 {[#]} (29... Rc7 $14) 30. Bd3 (30. Bf5 $1 $16) 30... Qe7 (30... Rc7 $11 {keeps the balance.}) 31. Rg1 ({Better is} 31. Bf5 $16) 31... Nxd4 (31... Re8 $11) 32. Nxd4 $16 Ne6 {[#]} 33. f4 (33. Bf5 $1 $16) 33... Nxd4 $1 $11 34. Qxd4 Qc5 35. Qxc5 Rxc5 {[%mdl 4096] Endgame KRB-KRB} 36. g4 {And now gxh5 would win.} Rc3 37. Rd1 hxg4 38. hxg4 Bc6 39. Kg2 a5 40. Kf2 a4 41. bxa4 bxa4 42. f5 d4 43. f6+ Kf8 $2 (43... Kh6 $15 {stays ahead.}) 44. g5 (44. Be2 $16) 44... Ke8 $2 {[%mdl 8192] [#]} (44... Rc5 $11) 45. e6 $1 $18 {[%mdl 512]} Rc5 (45... fxe6 46. Bxg6+) 46. Rb1 {[%cal Rb1b8]} Bd7 47. Rb8+ {Accuracy: White = 35%, Black = 20%.} 1-0

[Event "White Rook U14 Final 2019"]
[Site "Sochi"]
[Date "2019.06.06"]
[Round "5.2"]
[White "Pingin, Artem"]
[Black "Munkhzul, Davaakhuu"]
[Result "0-1"]
[WhiteElo "2108"]
[BlackElo "1806"]
[Annotator "RC"]
[PlyCount "144"]
[EventDate "2019.06.02"]
[EventCountry "RUS"]
[SourceTitle "playchess.com"]
[Source "ChessBase"]
[SourceQuality "1"]
[TimeControl "5400+30"]

1. e4 {[%emt 0:00:00]} c5 {[%emt 0:00:00]} 2. Nf3 {[%emt 0:00:00]} e6 {[%emt 0:00:00]} 3. g3 {[%emt 0:00:00]} Nc6 {[%emt 0:00:00]} 4. Bg2 {[%emt 0:00:00]} Nf6 {[%emt 0:01:28]} 5. Qe2 {[%emt 0:01:20]} Be7 {[%emt 0:01:50]} 6. O-O {[%emt 0:00:49]} O-O {[%emt 0:00:20]} 7. c3 {[%emt 0:00:00]} d5 {[%emt 0:01:00]} 8. e5 {[%emt 0:00:48]} Nd7 {[%emt 0:00:33]} 9. d4 {[%emt 0:00:17]} a6 {[%emt 0:07:01]} 10. Be3 {[%emt 0:04:08]} b5 {[%emt 0:01:27]} 11. Nbd2 {[%emt 0:02:38]} Bb7 {[%emt 0:02:57]} 12. h4 {[%emt 0:02:56]} b4 {[%emt 0:06:05]} 13. Rfc1 {[%emt 0:04:56]} c4 {[%emt 0:04:01]} 14. h5 {[%emt 0:06:04]} h6 {[%emt 0:02:02]} 15. Nh2 {[%emt 0:01:46]} Re8 {[%emt 0:02:23]} 16. Ng4 {[%emt 0:00:59]} Bf8 {[%emt 0:01:11]} 17. f4 {[%emt 0:14:28]} a5 {[%emt 0:05:29]} 18. Qf2 {[%emt 0:03:49]} f5 {[%emt 0:12:02]} 19. exf6 {[%emt 0:06:47]} Nxf6 {[%emt 0:00:25]} 20. Nxf6+ {[%emt 0:01:21]} Qxf6 {[%emt 0:00:03]} 21. f5 {[%emt 0:00:46]} Rad8 {[%emt 0:09:06]} 22. fxe6 {[%emt 0:01:47]} Qxe6 {[%emt 0:01:40]} 23. Re1 {[%emt 0:00:49]} Qg4 {[%emt 0:03:30]} 24. Bf3 {[%emt 0:02:32]} Qf5 {[%emt 0:01:14]} 25. Qg2 {[%emt 0:01:33]} Kh8 {[%emt 0:05:59]} 26. Nf1 {[%emt 0:03:39]} Be7 {[%emt 0:04:44]} 27. Bf4 {[%emt 0:01:18]} bxc3 {[%emt 0:06:56]} 28. bxc3 {[%emt 0:00:41]} Qf7 {[%emt 0:05:05]} 29. Rab1 {[%emt 0:04:50]} Bc8 {[%emt 0:04:47]} 30. Rb5 {[%emt 0:00:35]} Be6 {[%emt 0:00:49]} 31. Rb6 {[%emt 0:01:16]} Rc8 {[%emt 0:00:29]} 32. Rxe6 {[%emt 0:00:32]} Qxe6 {[%emt 0:01:16]} 33. Bxd5 {[%emt 0:00:37]} Qe1 {[%emt 0:02:17]} 34. Bd2 {[%emt 0:02:25]} Qd1 {[%emt 0:00:43]} 35. Bf3 {[%emt 0:02:11]} Qc2 {[%emt 0:01:24]} 36. Rxc6 {[%emt 0:04:22]} Qxa2 {[%emt 0:00:34]} 37. Rxc8 {[%emt 0:05:10]} Rxc8 {[%emt 0:00:02]} 38. d5 {[%emt 0:01:01]} a4 {[%emt 0:01:11]} 39. Qe2 {[%emt 0:01:15]} Bc5+ {[%emt 0:00:50]} 40. Kh1 {[%emt 0:00:55]} Rf8 {[%emt 0:01:23]} 41. Bf4 {[%emt 0:05:50]} Qb1 {[%emt 0:01:12]} 42. Qxc4 {[%emt 0:02:18]} Ba7 {[%emt 0:02:07]} 43. d6 {[%emt 0:05:34]} a3 {[%emt 0:00:16]} 44. Bd5 {[%emt 0:00:31]} a2 {[%emt 0:00:34]} 45. Qxa2 {[%emt 0:00:59]} Qxf1+ {[%emt 0:00:33]} 46. Kh2 {[%emt 0:00:00]} Bg1+ {[%emt 0:00:00]} 47. Kh1 {[%emt 0:00:08]} Be3+ {[%emt 0:00:46]} 48. Kh2 {[%emt 0:00:00]} Rxf4 {[%emt 0:00:28]} 49. Bg2 {[%emt 0:00:45]} Qg1+ {[%emt 0:01:03]} 50. Kh3 {[%emt 0:00:00]} Rf8 {[%emt 0:00:37]} 51. d7 {[%emt 0:00:18]} Qd1 {[%emt 0:00:15]} 52. Qd5 {[%emt 0:00:10]} Qxd5 {[%emt 0:00:01]} 53. Bxd5 {[%emt 0:00:04]} Bb6 {[%emt 0:01:34]} 54. Kg4 {[%emt 0:00:38]} Rf6 {[%emt 0:00:32]} 55. Be4 {[%emt 0:00:15]} Rd6 {[%emt 0:00:00]} 56. Bf5 {[%emt 0:00:00]} Ba5 {[%emt 0:00:00]} 57. Kf4 {[%emt 0:00:15]} Bxc3 {[%emt 0:00:29]} 58. Ke4 {[%emt 0:00:00]} Bf6 {[%emt 0:00:00]} 59. g4 {[%emt 0:00:00]} Kg8 {[%emt 0:00:00]} 60. Ke3 {[%emt 0:00:00]} Kf7 {[%emt 0:00:25]} 61. Bg6+ {[%emt 0:00:17]} Ke7 {[%emt 0:00:00]} 62. Bf5 {[%emt 0:00:00]} Rd4 {[%emt 0:00:33]} 63. Kf3 {[%emt 0:00:14]} Kd6 {[%emt 0:00:00]} 64. Ke3 {[%emt 0:00:00]} Ke5 {[%emt 0:00:34]} 65. Kf3 {[%emt 0:00:13]} Bg5 {[%emt 0:00:00]} 66. Ke2 {[%emt 0:00:04]} Kf4 {[%emt 0:00:24]} 67. Kf1 {[%emt 0:00:00]} Kf3 {[%emt 0:00:11]} 68. d8=R {[%emt 0:00:00]} Bxd8 {[%emt 0:00:11]} 69. Bd3 {[%emt 0:00:29]} Rxd3 {[%emt 0:00:05]} 70. Kg1 {[%emt 0:00:04]} Rd1+ {[%emt 0:00:00]} 71. Kh2 {[%emt 0:00:00]} Bc7+ {[%emt 0:00:11]} 72. Kh3 {[%emt 0:00:00]} Rh1# {[%emt 0:00:04]} 0-1

[Event "White Rook U14 Final 2019"]
[Site "Sochi"]
[Date "2019.06.06"]
[Round "5.3"]
[White "Aldar Burentegsh"]
[Black "Shirkunov, Alexandr"]
[Result "1/2-1/2"]
[WhiteElo "1812"]
[BlackElo "1557"]
[Annotator "NA RC"]
[PlyCount "120"]
[EventDate "2019.06.02"]
[EventCountry "RUS"]
[SourceTitle "playchess.com"]
[Source "ChessBase"]
[SourceQuality "1"]
[TimeControl "5400+30"]

1. e4 {[%emt 0:00:00]} c6 {[%emt 0:00:00]} 2. d4 {[%emt 0:00:00]} d5 {[%emt 0:00:00]} 3. exd5 {[%emt 0:00:00]} cxd5 {[%emt 0:00:00]} 4. Bd3 {[%emt 0:00:00]} Nc6 {[%emt 0:00:00]} 5. c3 {[%emt 0:00:00]} Nf6 {[%emt 0:00:00]} 6. h3 {[%emt 0:00:00]} g6 {[%emt 0:00:00]} 7. Nf3 {[%emt 0:00:00] B13: Caro-Kann: Exchange Variation and Panov-Botvinnik Attack} Bf5 {[%emt 0:00:04]} 8. Bg5 {[%emt 0:00:12]} (8. Be2 Bg7 9. O-O O-O 10. Bf4 Ne4 11. Nbd2 Re8 12. Re1 h6 13. Bf1 g5 14. Bh2 Qd7 15. Nxe4 Bxe4 {1-0 (35) Caruana,F (2828)-Shankland,S (2725) chess.com INT 2019}) 8... Bg7 {[%emt 0:00:02]} 9. O-O {[%emt 0:01:02]} O-O {[%emt 0:01:46]} 10. Bxf5 {[%emt 0:00:00]} gxf5 {[%emt 0:00:02]} 11. Bxf6 {[%emt 0:00:00]} Bxf6 {[%emt 0:00:08]} 12. Qd3 $146 {[%emt 0:00:08]} ({Predecessor:} 12. Re1 e6 13. Nbd2 Kh8 14. Ne5 Bxe5 15. dxe5 Rg8 {0-1 (60) Kocheev,A (2355)-Chigaev,M (2526) Minsk 2015}) 12... e6 {[%emt 0:00:20]} 13. Nbd2 {[%emt 0:00:09]} Qc7 {[%emt 0:02:45]} 14. Rfe1 {[%emt 0:00:20]} Kh8 {[%emt 0:05:13]} 15. c4 {[%emt 0:05:07]} dxc4 {[%emt 0:02:30]} 16. Qxc4 {[%emt 0:00:07]} Rfd8 {[%emt 0:01:59]} 17. Nb3 {[%emt 0:02:38]} Qf4 {[%emt 0:01:52]} 18. Rad1 {[%emt 0:01:10]} Rd5 {[%emt 0:04:04]} 19. Re3 {[%emt 0:05:51]} Rad8 {[%emt 0:05:53]} 20. g3 {[%emt 0:03:34]} Qh6 {[%emt 0:12:43]} 21. Kg2 {[%emt 0:02:53]} ({White should play} 21. Kh2) 21... Rg8 {[%emt 0:04:14]} (21... e5 $17 22. Ree1 Kg7) 22. Nc5 {[%emt 0:00:53] [#]} ({Better is} 22. Qc1 $15) 22... Rxg3+ $1 {[%emt 0:10:17]} 23. fxg3 {[%emt 0:10:10]} Qxe3 {[%emt 0:00:36]} 24. Nb3 {[%emt 0:01:12]} Qh6 {[%emt 0:17:35]} 25. Rd3 {[%emt 0:04:05]} Qf8 {[%emt 0:00:53]} 26. a3 {[%emt 0:02:52]} (26. Nc1 $142) 26... Qd8 {[%emt 0:03:46]} 27. Nc5 {[%emt 0:38:54]} Nxd4 {[%emt 0:08:20]} 28. Nxb7 {[%emt 0:00:22]} Qb6 {[%emt 0:00:08]} 29. Qb4 {[%emt 0:11:32]} Qxb4 {[%emt 0:02:17]} 30. axb4 {[%emt 0:00:07]} Nxf3 {[%emt 0:04:14]} 31. Rxd5 {[%emt 0:00:34]} Ne1+ {[%emt 0:00:04]} 32. Kf1 {[%emt 0:00:08]} exd5 {[%emt 0:00:03]} 33. Kxe1 {[%emt 0:00:08]} Bxb2 {[%emt 0:00:03]} 34. b5 {[%emt 0:00:33]} Kg8 {[%emt 0:02:06]} 35. Nd6 {[%emt 0:00:24]} f6 {[%emt 0:01:53]} 36. Nxf5 {[%emt 0:00:10]} Kf7 {[%emt 0:01:11]} 37. Ke2 {[%emt 0:03:05]} Ke6 {[%emt 0:02:01]} 38. g4 {[%emt 0:03:04]} Kd7 {[%emt 0:02:55]} 39. Ng7 $2 {[%emt 0:03:26]} (39. Kd2 $17) 39... Kc7 {[%emt 0:01:14]} 40. Nf5 {[%emt 0:01:49]} Kb6 {[%emt 0:00:11]} 41. Ne7 {[%emt 0:00:30]} Kxb5 {[%emt 0:00:56]} 42. Nxd5 {[%emt 0:00:17]} Kc4 {[%emt 0:01:25]} 43. Ne3+ {[%emt 0:00:32]} Kb3 {[%emt 0:00:24]} 44. Kd3 {[%emt 0:00:08]} a5 {[%emt 0:00:00]} 45. Nc4 {[%emt 0:01:22]} a4 {[%emt 0:00:10]} 46. h4 {[%emt 0:00:39]} Be5 {[%emt 0:02:00]} 47. Nd2+ {[%emt 0:00:43]} Kb4 {[%emt 0:00:43]} 48. Kc2 {[%emt 0:00:09]} a3 {[%emt 0:00:29]} 49. Kb1 {[%emt 0:00:43]} Kc3 {[%emt 0:00:51]} 50. Nf3 {[%emt 0:00:00]} Kd3 {[%emt 0:00:34]} 51. g5 {[%emt 0:00:58]} Ke4 $19 {[%emt 0:00:57]} 52. Nd2+ {[%emt 0:00:41]} Kf5 {[%emt 0:00:10]} 53. Nc4 {[%emt 0:00:32]} Kg4 {[%emt 0:01:25]} 54. Nxa3 {[%emt 0:00:52]} f5 {[%emt 0:00:13]} 55. Kc1 {[%emt 0:00:00]} Kxh4 {[%emt 0:00:39]} 56. Kd2 {[%emt 0:00:27]} Bf4+ {[%emt 0:00:00]} 57. Ke2 {[%emt 0:00:09]} Kg4 {[%emt 0:00:27]} 58. Nc2 {[%emt 0:00:00]} Bxg5 {[%emt 0:00:06]} 59. Nd4 {[%emt 0:00:38] [#]} h5 $2 {[%emt 0:00:30]} ({Better is} 59... f4 $1 $19 60. Kf2 Bd8) 60. Nxf5 {[%emt 0:00:16]} Kxf5 {[%emt 0:00:18]} 1/2-1/2

[Event "White Rook U14 Final 2019"]
[Site "Sochi"]
[Date "2019.06.06"]
[Round "5.4"]
[White "Toledo Flores, Marianna"]
[Black "Unurzul, Davaakhuu"]
[Result "0-1"]
[WhiteElo "1530"]
[BlackElo "1442"]
[Annotator "NA RC"]
[PlyCount "138"]
[EventDate "2019.06.02"]
[EventCountry "RUS"]
[SourceTitle "playchess.com"]
[Source "ChessBase"]
[SourceQuality "1"]
[TimeControl "5400+30"]

1. Nf3 {[%emt 0:00:00]} Nc6 {[%emt 0:00:00]} 2. d4 {[%emt 0:00:00]} d5 {[%emt 0:00:00]} 3. c4 {[%emt 0:00:00]} Nf6 {[%emt 0:01:03]} 4. g3 {[%emt 0:00:05]} e6 {[%emt 0:01:05]} 5. Bg2 {[%emt 0:00:12]} Be7 {[%emt 0:00:43]} 6. O-O {[%emt 0:00:12]} O-O {[%emt 0:00:31]} 7. Qc2 {[%emt 0:00:56]} h6 {[%emt 0:09:46]} 8. Rd1 {[%emt 0:00:00]} Nb4 {[%emt 0:11:56]} 9. Qb3 {[%emt 0:03:23]} a5 {[%emt 0:03:07]} 10. a4 {[%emt 0:02:55]} Ne4 {[%emt 0:14:44]} 11. Ne5 {[%emt 0:03:24]} c5 {[%emt 0:11:58]} 12. Nc3 {[%emt 0:02:48]} cxd4 {[%emt 0:03:49]} 13. Nxe4 {[%emt 0:07:21]} dxe4 {[%emt 0:00:07]} 14. Bxe4 {[%emt 0:00:32]} Qc7 {[%emt 0:04:28]} 15. f4 {[%emt 0:08:47]} Bc5 {[%emt 0:00:47]} 16. Kh1 {[%emt 0:03:04]} Rb8 {[%emt 0:08:51]} 17. Bg2 {[%emt 0:03:58]} b6 {[%emt 0:06:00]} 18. Nf3 {[%emt 0:05:37]} Rd8 {[%emt 0:05:22]} 19. Bd2 {[%emt 0:05:46]} Bb7 {[%emt 0:03:03]} 20. Be1 {[%emt 0:01:19]} Be4 {[%emt 0:02:07]} 21. Rd2 {[%emt 0:01:30]} d3 {[%emt 0:02:06]} 22. exd3 {[%emt 0:00:30]} Nxd3 {[%emt 0:00:49]} 23. Re2 {[%emt 0:04:37]} Qb7 {[%emt 0:02:31]} 24. Nh4 {[%emt 0:01:35]} Bxg2+ {[%emt 0:01:02]} 25. Rxg2 {[%emt 0:00:24]} g5 {[%emt 0:01:27]} 26. fxg5 {[%emt 0:05:58]} hxg5 {[%emt 0:00:13]} 27. Qc3 {[%emt 0:03:47]} gxh4 {[%emt 0:00:36]} 28. gxh4+ {[%emt 0:00:17]} Kf8 {[%emt 0:00:10]} 29. Qg7+ {[%emt 0:02:00]} Ke7 {[%emt 0:00:42]} 30. Qg5+ {[%emt 0:03:16]} Kd7 {[%emt 0:00:30]} 31. Rd1 {[%emt 0:01:26]} Kc8 {[%emt 0:00:44]} 32. Qg4 {[%emt 0:04:49]} f5 {[%emt 0:01:04]} 33. Qe2 {[%emt 0:00:43]} Nf2+ {[%emt 0:00:45]} 34. Bxf2 {[%emt 0:01:08]} Rxd1+ {[%emt 0:00:06]} 35. Qxd1 {[%emt 0:00:08]} Bxf2 {[%emt 0:00:19]} 36. Qe2 {[%emt 0:00:25]} Bxh4 {[%emt 0:01:36]} 37. Qxe6+ {[%emt 0:03:41]} Kd8 {[%emt 0:00:04]} 38. Kg1 {[%emt 0:01:03]} Qe7 {[%emt 0:00:02]} 39. Qxf5 {[%emt 0:08:03]} Qe1+ {[%emt 0:00:08]} 40. Qf1 {[%emt 0:00:00]} Qxf1+ {[%emt 0:00:14]} 41. Kxf1 {[%emt 0:00:24]} Kd7 {[%emt 0:00:40]} 42. Ke2 {[%emt 0:01:12]} Kc6 {[%emt 0:00:07]} 43. Kd3 {[%emt 0:00:14]} Kc5 {[%emt 0:00:10]} 44. b3 {[%emt 0:00:31]} Rd8+ {[%emt 0:00:11]} 45. Kc2 {[%emt 0:00:39]} Kb4 {[%emt 0:00:10]} 46. Rg4 {[%emt 0:01:07]} Be1 {[%emt 0:00:00]} 47. Rg2 {[%emt 0:00:00]} Rh8 {[%emt 0:00:00]} 48. Re2 {[%emt 0:00:00]} Bc3 {[%emt 0:00:47]} 49. Rg2 {[%emt 0:01:28]} Rh3 {[%emt 0:00:13]} 50. Rf2 {[%emt 0:00:30]} Be5 {[%emt 0:00:00]} 51. Rf5 {[%emt 0:00:25]} Rxh2+ {[%emt 0:00:26]} 52. Kd3 {[%emt 0:00:06]} Bc7 {[%emt 0:00:00]} 53. Rb5+ {[%emt 0:00:14]} Ka3 {[%emt 0:00:00]} 54. c5 {[%emt 0:01:12]} bxc5 {[%emt 0:01:23]} 55. Rxc5 {[%emt 0:01:37]} Bd8 {[%emt 0:01:04]} 56. Rb5 {[%emt 0:00:31]} Rh7 {[%emt 0:00:39]} 57. Kc4 {[%emt 0:00:35]} Ra7 {[%emt 0:00:14]} 58. Kd5 {[%emt 0:00:44]} Be7 {[%emt 0:00:12]} 59. Kc4 {[%emt 0:00:50]} Bb4 {[%emt 0:00:04]} 60. Rh5 {[%emt 0:00:50]} Rc7+ {[%emt 0:00:03]} 61. Kb5 {[%emt 0:00:29]} Kxb3 {[%emt 0:00:00]} 62. Rh3+ {[%emt 0:00:02]} Rc3 {[%emt 0:00:00]} 63. Rh5 {[%emt 0:00:50]} Re3 {[%emt 0:00:43]} 64. Rf5 {[%emt 0:01:13]} Re4 {[%emt 0:00:08]} 65. Rf1 {[%emt 0:02:41]} Re5+ {[%emt 0:00:00]} 66. Ka6 {[%emt 0:00:19]} Kxa4 {[%emt 0:00:35]} 67. Rf3 {[%emt 0:00:39]} Re6+ {[%emt 0:00:13]} 68. Kb7 {[%emt 0:00:41]} Kb5 {[%emt 0:00:03]} 69. Rf5+ {[%emt 0:00:24]} Bc5 {[%emt 0:00:00]} 0-1

[Event "White Rook U14 Final 2019"]
[Site "Sochi"]
[Date "2019.06.06"]
[Round "5.5"]
[White "Kurus, Artem"]
[Black "Erastov, Semen"]
[Result "1-0"]
[WhiteElo "1769"]
[BlackElo "2028"]
[Annotator "NA RC"]
[PlyCount "100"]
[EventDate "2019.06.02"]
[EventCountry "RUS"]
[SourceTitle "playchess.com"]
[Source "ChessBase"]
[SourceQuality "1"]
[TimeControl "5400+30"]

1. d4 {[%emt 0:00:00]} d5 {[%emt 0:00:00]} 2. c4 {[%emt 0:00:00]} e6 {[%emt 0:00:00]} 3. Nc3 {[%emt 0:00:00]} c6 {[%emt 0:00:00]} 4. cxd5 {[%emt 0:00:00]} exd5 {[%emt 0:00:00]} 5. Qc2 {[%emt 0:00:00]} Bd6 {[%emt 0:00:00]} 6. Nf3 {[%emt 0:00:11]} Ne7 {[%emt 0:00:00]} 7. Bg5 {[%emt 0:00:00]} f6 {[%emt 0:00:00]} 8. Bd2 {[%emt 0:00:18] D31: Queen's Gambit Declined: Semi-Slav without ...Nf6 (+ Marshall Gambit and Noteboom) and Exchange Variation lines without ...Nf6} O-O {[%emt 0:05:41]} (8... Na6 9. e4 Nb4 10. Qb3 a5 11. a3 a4 12. Qd1 dxe4 13. Nxe4 Nbd5 14. Bc4 Be6 15. O-O O-O {½-½ (34) Ivanchuk,V (2728)-Kramnik,V (2803) Tbilisi 2017}) 9. e4 {[%emt 0:06:22]} Bg4 $146 {[%emt 0:12:00]} ({Predecessor:} 9... dxe4 10. Nxe4 Nd5 11. Nxd6 Qxd6 12. Bd3 Re8+ 13. Kf1 f5 14. Bxf5 Bxf5 15. Qxf5 Nd7 {0-1 (36) Kekki,P (2371)-Volkov,S (2597) Rethymno 2010}) 10. Bd3 {[%emt 0:05:49]} dxe4 {[%emt 0:09:42]} 11. Nxe4 {[%emt 0:00:21]} Bxf3 {[%emt 0:02:02]} 12. gxf3 {[%emt 0:00:07]} f5 {[%emt 0:03:47]} 13. Ng5 {[%emt 0:22:21]} Qd7 {[%emt 0:02:26]} 14. O-O-O {[%emt 0:06:04]} Na6 {[%emt 0:05:14]} 15. Qb3+ {[%emt 0:20:13]} Nd5 {[%emt 0:00:17]} 16. Bc4 {[%emt 0:00:08]} Nac7 {[%emt 0:00:54]} 17. f4 {[%emt 0:03:41]} b5 {[%emt 0:02:19]} 18. Bf1 {[%emt 0:06:25] [#]} (18. Bxd5+ $1 $11 {and White has nothing to worry.} Nxd5 19. Nf3) 18... Ne6 $2 {[%emt 0:02:08] [#]} (18... a5 $1 $19 19. Rg1 a4) 19. Nxe6 {[%emt 0:04:17]} (19. Bxb5 $1 $11 {[%mdl 512]} Nexf4 (19... cxb5 20. Qxd5) 20. Bc4) 19... Qxe6 {[%emt 0:00:13]} 20. Re1 {[%emt 0:01:18]} Qf7 {[%emt 0:00:32]} 21. Qf3 {[%emt 0:03:09]} Rac8 {[%emt 0:12:54]} 22. Bg2 {[%emt 0:02:06]} (22. Kb1 $142) 22... a5 {[%emt 0:02:54]} ({Better is} 22... Nb4 $17 23. d5 Qxd5 24. Qxd5+ Nxd5) 23. Re2 {[%emt 0:03:03]} a4 {[%emt 0:05:52]} 24. Rhe1 {[%emt 0:01:15]} Nb4 {[%emt 0:00:42]} 25. Re6 {[%emt 0:02:10]} Nxa2+ {[%emt 0:01:25]} 26. Kb1 {[%emt 0:00:01]} Nb4 {[%emt 0:02:01]} 27. d5 {[%emt 0:02:41]} Qc7 {[%emt 0:05:58] [#]} 28. Bxb4 {[%emt 0:03:33]} (28. dxc6 $1 $16 Rfd8 29. Bxb4 Bxb4 30. R1e5) 28... Bxb4 {[%emt 0:00:12]} 29. Rxc6 {[%emt 0:00:17]} Qxc6 $2 {[%emt 0:02:39]} (29... Qd7 $11 {and Black stays safe.} 30. Re5 Bd6) 30. dxc6 {[%emt 0:00:06]} Bxe1 {[%emt 0:00:00]} 31. Qd5+ {[%emt 0:00:44]} Kh8 {[%emt 0:00:00] [#]} 32. Qxb5 {[%emt 0:01:03]} (32. Bh3 $1 $18 {is the precise move to win.}) 32... a3 {[%emt 0:03:22]} 33. b3 {[%emt 0:00:01]} Bxf2 {[%emt 0:00:05]} 34. Ka2 {[%emt 0:04:15]} Bd4 {[%emt 0:01:41]} ({Better is} 34... Be3) 35. Qc4 {[%emt 0:00:51]} Rfd8 {[%emt 0:02:19]} 36. Bd5 {[%emt 0:00:37]} ({Inferior is} 36. c7 Rd7 $17) 36... Bb2 $2 {[%emt 0:01:53]} (36... Bb6 $16 37. b4 (37. Kxa3 Ra8+ 38. Kb2 Ra5 $14) 37... Rd6) 37. b4 {[%emt 0:01:34]} Bc1 {[%emt 0:01:45]} 38. Qxc1 {[%emt 0:00:56]} Rxd5 {[%emt 0:04:34]} 39. Kxa3 $18 {[%emt 0:00:09]} Rd3+ {[%emt 0:00:04]} 40. Kb2 {[%emt 0:00:20]} h6 {[%emt 0:04:51]} 41. b5 {[%emt 0:01:25]} Rb8 {[%emt 0:03:53]} 42. Qc4 {[%emt 0:00:51]} Rd2+ {[%emt 0:01:31]} 43. Kb3 {[%emt 0:00:19]} Rd1 {[%emt 0:02:00]} 44. Kc2 {[%emt 0:00:12]} Rd6 {[%emt 0:00:50]} 45. Qc5 {[%emt 0:00:18]} Re6 {[%emt 0:00:48]} 46. c7 {[%emt 0:00:23]} Rc8 {[%emt 0:00:31]} 47. b6 {[%emt 0:00:11]} Re2+ {[%emt 0:00:29]} 48. Kd3 {[%emt 0:00:06]} Rb2 {[%emt 0:00:29]} 49. Kc3 {[%emt 0:00:26]} Rb1 {[%emt 0:00:28]} 50. Kc2 {[%emt 0:00:32]} Ra8 {[%emt 0:00:34]} 1-0